|
|
|
|
| LEADER |
01314nam a2200301 a 4500 |
| 001 |
013646046 |
| 008 |
101219s2007 enkae 001 0 eng d |
| 999 |
|
|
|c 10274
|d 10274
|
| 020 |
|
|
|a 9781856694827
|
| 020 |
|
|
|a 1856694828
|
| 040 |
|
|
|a StDuBDS
|b eng
|c StDuBD
|d IeDuTC
|b IeDuTC
|d BD-DhAAL
|
| 082 |
0 |
4 |
|a 728.370222
|2 22
|
| 100 |
1 |
|
|a McLeod, Virginia.
|9 32113
|
| 245 |
1 |
0 |
|a Detail in contemporary residential architecture /
|c Virginia McLeod.
|
| 260 |
|
|
|a London :
|b Laurence King Publishing,
|c 2007.
|
| 300 |
|
|
|a 240 p. :
|b ill. (some col.) ;
|c 30 cm.+
|e 1CD-ROM.
|
| 500 |
|
|
|a Includes index.
|
| 500 |
|
|
|a Formerly CIP.
|5 UK
|
| 504 |
|
|
|a Includes bibliographical references (p. 186) and index.
|
| 526 |
|
|
|a ARC
|
| 541 |
1 |
|
|e 00021646
|
| 650 |
|
0 |
|a Architecture, Domestic.
|9 32114
|
| 650 |
|
0 |
|a Housing.
|9 32115
|
| 650 |
|
0 |
|a City planning.
|9 32116
|
| 852 |
4 |
|
|a Ayesha Abed library
|c General Shelf.
|
| 942 |
|
|
|2 ddc
|c BK
|
| 952 |
|
|
|0 0
|1 0
|2 ddc
|4 0
|6 728_370222000000000_MCL
|7 0
|9 13724
|a BRACUL
|b BRACUL
|c GEN
|d 2011-01-02
|e Zeenat Book Supply Ltd.
|g 4160.00
|l 16
|m 120
|o 728.370222 MCL
|p 3010021646
|r 2026-03-29
|s 2026-03-08
|t 1
|w 2011-01-02
|y BK
|
| 952 |
|
|
|0 0
|1 0
|2 ddc
|4 0
|6 728_370222000000000_MCL
|7 0
|9 13725
|a BRACUL
|b BRACUL
|c AV
|d 2011-01-02
|e Zeenat Book Supply Ltd.
|l 2
|o 728.370222 MCL
|p 4010021646
|r 2011-05-19
|s 2011-05-18
|t 1
|w 2011-01-02
|y AV
|